000 00809nam a2200253Ia 4500
003 OSt
005 20221005075349.0
006 a|||||r|||| 00| 0
007 ta
008 221004b |||||||| |||| 00| 0 eng d
020 _a9788121511957 (hbk)
_c1200
024 _a96411
037 _b121180, 14/01/2009, Munshiram manoharlal Publishers Pvt Ltd
_cTextual
040 _aCRL
_cCRL
_beng
041 _2eng
_aeng
082 _aQ4:31(Y15).2, P6
100 _aShaw Miranda
_9609563
245 0 _aBuddhist Goddesses of India
260 _aNew Delhi
_bMunshiram Manoharlal India
_c2006
300 _axi,571p.
_ccm.
650 _aRELIGION
942 _hQ4:31(Y15).2, P6
_cTEXL
_2cc
999 _c984408
_d984408